Gallic cities in Civilization 6 Map Quiz - Statistics

General Stats
  • This quiz has been taken 7 times
  • The average score is 7 of 32
Answers on the Map
Answers color-coded by a green-red scale on the quiz's map according to % correct below.
 
Answer Stats
Answer % Correct
Lutetia
100%
Cenabum
67%
Condate
67%
Lugudunon
67%
Ratumacos
67%
Samarobriva
67%
Divodurum
50%
Turones
50%
Alesia
33%
Autricum
33%
Ruscino
33%
Aduatuca
17%
Bagacum
17%
Durocorteron
17%
Tervanna
17%
Vesontio
17%
Agedincum
0%
Andematunnum
0%
Anicium
0%
Aregenua
0%
Avaricum
0%
Bibracte
0%
Bibrax
0%
Brenodurum
0%
Crociatonum
0%
Darioritum
0%
Gergovia
0%
Limonum
0%
Lisieux
0%
Meledunum
0%
Noviodunum
0%
Uxellodunum
0%
No matching quizzes found
Score Distribution
Percent of People with Each Score
Percentile by Number Answered
Your Score History
You have not taken this quiz